Vplyv pandemie COVID-19 na podnik služieb bakalárska práca

Gespeichert in:
Bibliographische Detailangaben
1. Verfasser: Miško, Róbert
Körperschaft: Fakulta podnikového manažmentu EU. Katedra manažmentu
Weitere Verfasser: Novysedlák, Martin, 1991-
Format: Buch
Sprache:Slowakisch
Veröffentlicht: Bratislava 2024
Tags: Tag hinzufügen
Keine Tags, Fügen Sie das erste Tag hinzu!

MARC

LEADER 00000nbm a2200000 4500
001 0301892
005 20250210094111.1
041 0 |a slo 
044 |a SK 
245 1 0 |a Vplyv pandemie COVID-19 na podnik služieb  |b bakalárska práca  |c Róbert Miško ; školiteľ: Martin Novysedlák 
264 1 |a Bratislava  |c 2024 
300 |a 48 s. 
100 1 |a Miško, Róbert 
700 1 |a Novysedlák, Martin, 1991- 
710 2 |a Fakulta podnikového manažmentu EU. Katedra manažmentu